[Event "Malmo"]
[Site "Malmo"]
[Date "1994.??.??"]
[Round "6"]
[White "Hellers, Ferdinand"]
[Black "Krasenkow, Michal"]
[Result "1-0"]
[WhiteElo "2560"]
[BlackElo "2565"]
[Annotator "Ernst,T"]
[PlyCount "103"]
[EventDate "1994.06.??"]
[EventType "tourn"]
[EventRounds "9"]
[EventCountry "SWE"]
[EventCategory "12"]
[SourceTitle "CBM 042"]
[Source "ChessBase"]
[SourceDate "1994.10.01"]
[SourceVersion "1"]
[SourceVersionDate "1994.10.01"]
[SourceQuality "1"]

1. e4 c5 2. Nf3 Nc6 3. d4 cxd4 4. Nxd4 Nf6 5. Nc3 e5 6. Ndb5 d6 7. Bg5 a6 8.
Na3 b5 9. Bxf6 gxf6 10. Nd5 f5 11. c3 Bg7 12. exf5 Bxf5 13. Nc2 Be6 14. Nce3
Ne7 15. g3 Nxd5 16. Nxd5 O-O 17. Bg2 f5 (17... a5 18. O-O Rb8 19. Qh5 Kh8 20.
Rfd1 b4 21. c4 b3 22. axb3 Rxb3 $13 {Kotronias,V-Nun,Ji/Sochi-A/1989/}) 18. O-O
a5 (18... Rb8 $6 19. Nb4 Rb6 20. Bd5 Qd7 21. a4 $16 {Jansa,V-Schmittdiel,E/
Gausdal PG/1990/}) 19. Qh5 Ra7 (19... Kh8 20. Rad1 Rb8 21. Rd2 Bf7 (21... Qd7
22. Rfd1 (22. a3 Rbd8 $10 {Makropoulou,M-Polgar,Zsu/Novi Sad olw/1990/}) 22...
Qf7 (22... Bf7 23. Qh4 Bxd5 24. Rxd5 $16 {Almasi,Z-Racz,Z/HUN-chT/1991/}) 23.
Qh4 $1 e4 24. Nf4 Be5 25. Rxd6 $1 Bxd6 26. Rxd6 $16 {Geller-Fedorowicz/New
York op/1990/}) 22. Qh3 $1 Qd7 23. Rfd1 Rbd8 24. Qh4 Qe6 $10 {Docev-Rogozenko/
Plovdiv/1992/}) 20. Rad1 Kh8 21. Rd2 Bf7 22. Qe2 Qb8 23. Rfd1 Bg6 24. f4 b4 25.
c4 b3 26. a3 Rc8 27. Kh1 Rf7 28. Nc3 $16 exf4 29. Nb5 Re8 30. Qf1 d5 (30... Rd8
31. Nxd6 Rfd7 $2 32. Nf7+ Bxf7 33. Rxd7 Rxd7 34. Rxd7 Be6 35. Qxf4 Qxf4 36.
Rd8+ $18) 31. Rxd5 Rfe7 32. Nd6 Rf8 33. gxf4 Bxb2 34. Rb5 Qa7 35. Rxb3 Bg7 36.
Rd5 a4 37. Rbd3 h6 38. c5 Qa5 39. c6 $18 Qe1 40. Rd1 Qe6 41. Rc1 Bb2 42. Rc2
Bxa3 43. Nb5 Bb4 44. c7 Qc8 45. Na7 Rxc7 46. Nxc8 Rxc2 47. Qa1+ Kg8 48. Rd7 Bf7
49. Ne7+ Bxe7 50. Rxe7 Rd8 51. h3 Rd6 52. Ra7 1-0

[Event "Groningen PCA"]
[Site "Groningen"]
[Date "1993.??.??"]
[Round "8"]
[White "Dolmatov, Sergey"]
[Black "Topalov, Veselin"]
[Result "1/2-1/2"]
[WhiteElo "2630"]
[BlackElo "2650"]
[Annotator "Ernst,T"]
[PlyCount "66"]
[EventDate "1993.12.??"]
[EventType "swiss"]
[EventRounds "11"]
[EventCountry "NED"]
[SourceTitle "CBM 039"]
[Source "ChessBase"]
[SourceDate "1994.04.01"]
[SourceVersion "1"]
[SourceVersionDate "1994.04.01"]
[SourceQuality "1"]

1. e4 {Horvath,T} c5 2. Nf3 Nc6 3. d4 cxd4 4. Nxd4 Nf6 5. Nc3 e5 6. Ndb5 d6 7.
Bg5 a6 8. Na3 b5 9. Bxf6 gxf6 10. Nd5 Bg7 11. Bd3 Ne7 12. Nxe7 Qxe7 13. c3 f5
14. Nc2 Qb7 (14... Qg5 {Horvath,T} 15. O-O $6 (15. Qe2 $1 O-O 16. exf5 Bxf5 17.
Bxf5 Qxf5 18. Ne3 Qe6 19. g4 $14) 15... Bb7 16. f3 O-O 17. exf5 d5 $1 $44 {
Leko-Magem Badals /Pamplona/1993}) 15. Qf3 (15. exf5 $6 Qxg2 16. Rf1 Bb7 17.
Ne3 Qxh2 $1 (17... Qc6 $2 18. Qg4 Bf6 19. Qb4 $13 {Koch,JR-Kouatly,B/FRA-ch/
1991/}) 18. Qg4 Bh6 19. Be4 O-O-O $17 {Boudre,JP-Kharlov,A/Paris-ch/1991/}) (
15. f3 $5 f4 16. Qe2 O-O 17. g4 Be6 18. Nb4 a5 19. Nd5 $14 {Renet,
O-Etchegarray,P/FRA-chT/1991/}) 15... O-O (15... d5 $6 16. exf5 e4 17. Qg3 Bf6
18. Be2 $16 {Lamoureux,C-Kouatly,B/FRA.chT/1993/}) 16. Ne3 (16. O-O d5 17. exf5
e4 18. Qg3 Kh8 19. Be2 Bxf5 20. Rad1 $14 {Polgar,J-San Segundo/Madrid/1993/})
16... f4 17. Nd5 Be6 18. g4 (18. Bc2 $2 Bxd5 19. exd5 f5 $15 {Qi
Jinguan-Vyzmanavin,A/Beijing op/1991/}) 18... b4 $1 $146 (18... Rae8 {Leko,
P-Kuijf,M/Nettetal/1992/} 19. O-O-O $1 $14) (18... Rfe8 19. Kf1 Rac8 20. a3 $1
Rc5 21. Rd1 $14 {Dolmatov,S-Tseitlin,M/Beer-Sheva/1991/}) 19. c4 (19. cxb4 Bxd5
20. exd5 Qxb4+ $17) (19. Nxb4 {Horvath,T} a5 20. Nd5 Bxd5 21. exd5 e4 22. Bxe4
Qxb2 23. O-O Qxc3 24. Qxf4 Qh3 25. Rae1 (25. Bg2 Qh4 26. Rae1 Be5 27. Rxe5 dxe5
28. Qxe5 Qxg4 $15) 25... Be5 26. Qg5+ Kh8 27. f4 Rg8 28. Qf5 Qxg4+ $10) 19...
Bxd5 20. cxd5 (20. exd5 e4 21. Bxe4 Bxb2 22. Rb1 Be5 23. Qh3 f6 $13) 20... Bf6
21. g5 $1 Bd8 (21... Bxg5 $2 22. Rg1 $18) 22. Bf1 {! Horvath,T} Kh8 23. h4 Rc8
24. Bh3 Rc2 25. Bf5 Bb6 26. Rh2 f6 (26... Rg8 $2 {Horvath,T} 27. Bxh7 $1 Kxh7
28. Qh5+ Kg7 29. Qh6#) 27. Kf1 (27. Qh5 Qf7 (27... Qg7 28. Rg2 $1 $36) 28. g6
Qg7 29. Qxh7+ Qxh7 30. gxh7 Rxb2 $13) 27... Bd8 (27... Rxb2 28. Qh5 Qf7 29. g6
Qg7 30. gxh7 $6 (30. Qxh7+ Qxh7 31. gxh7 a5 $13) 30... Rxf2+ $1 31. Rxf2 Bxf2
32. Kxf2 Qg3+ 33. Ke2 (33. Kf1 f3 34. Qg6 Qh2 $17) 33... Qe3+ 34. Kf1 f3 35.
Re1 Qd3+ 36. Kf2 Qd2+ 37. Kxf3 Qxe1 $19) 28. Kg1 Rg8 29. Kh1 Qc7 30. Rg1 Rc1
31. Rhg2 Rxg1+ 32. Kxg1 fxg5 33. Qh5 g4 (33... gxh4 34. Rxg8+ Kxg8 35. Be6+ Kg7
36. Bf5 Kg8 37. Be6+ $10) 1/2-1/2

[Event "USA-ch"]
[Site "Seattle"]
[Date "2000.09.28"]
[Round "4"]
[White "Shabalov, Alexander"]
[Black "Yermolinsky, Alex"]
[Result "1-0"]
[WhiteElo "2601"]
[BlackElo "2596"]
[Annotator "Ernst,T"]
[PlyCount "41"]
[EventDate "2000.09.25"]
[EventType "tourn"]
[EventRounds "11"]
[EventCountry "USA"]
[EventCategory "14"]
[SourceTitle "CBM 080"]
[Source "ChessBase"]
[SourceDate "2001.01.25"]
[SourceVersion "1"]
[SourceVersionDate "2001.01.25"]
[SourceQuality "1"]

1. e4 c5 2. Nf3 Nc6 3. d4 cxd4 4. Nxd4 Qb6 5. Nb3 Nf6 6. Nc3 e6 7. Bd3 d6 8.
O-O a6 9. Kh1 Be7 10. f4 O-O 11. Qf3 Qc7 12. Bd2 Nb4 $2 (12... b5 13. Rae1 Bb7
14. Qh3 Rad8 15. a4 b4 16. Nd1 d5 17. e5 Ne4 18. Ne3 $1 Kh8 19. Ng4 f5 20. exf6
gxf6 21. f5 $1 $16 {Sax-Wirthensohn/Graz/1984/}) 13. Nb5 $1 axb5 14. Bxb4 d5
15. e5 Bxb4 16. exf6 g6 (16... gxf6 17. Bxh7+ Kh8 18. Qh5 $18) 17. Qg4 Bd6 18.
Nd4 Bd7 19. f5 exf5 20. Bxf5 Rfe8 $2 (20... Bxf5 21. Nxf5 Be5 (21... Rae8 22.
Qg5 Kh8 23. Rf3) 22. Qg5 Rae8 23. Rf3 Kh8 24. Qh6 $18) 21. Bxd7 1-0

[Event "Oakham YM"]
[Site "Oakham"]
[Date "1992.??.??"]
[Round "3"]
[White "Reinderman, Dimitri"]
[Black "Degraeve, Jean Marc"]
[Result "1/2-1/2"]
[WhiteElo "2420"]
[BlackElo "2470"]
[Annotator "Ernst,T"]
[PlyCount "113"]
[EventDate "1992.03.??"]
[EventType "swiss"]
[EventRounds "9"]
[EventCountry "ENG"]
[SourceTitle "CBM 030"]
[Source "ChessBase"]
[SourceDate "1992.10.01"]
[SourceVersion "1"]
[SourceVersionDate "1992.10.01"]
[SourceQuality "1"]

1. e4 c5 2. Ne2 Nc6 3. Nbc3 Nf6 4. d4 cxd4 5. Nxd4 e5 6. Ndb5 d6 7. Bg5 a6 8.
Na3 b5 9. Bxf6 gxf6 10. Nd5 f5 11. Bd3 Be6 12. Qh5 Rg8 13. g3 Nd4 14. c3 fxe4
15. Bxe4 Bg4 16. Qxh7 Nf3+ 17. Bxf3 (17. Kf1 $2 Nd2+ 18. Kg2 Rg7 $19) 17...
Bxf3 18. Qxg8 Bxh1 19. O-O-O (19. Rd1 $1 Bxd5 20. Rxd5 Qf6 21. Nc2 $1 {21.Dg4
Dh6!} Qf5 22. Rd2 Qe4+ 23. Ne3 Rd8 24. h4 d5 25. Qg4 $14) 19... Bxd5 20. Rxd5
Qf6 $1 $132 21. Rd2 b4 22. Nc4 (22. cxb4 Rc8+ 23. Nc2 Qf3 $44) 22... Rd8 23.
Ne3 bxc3 24. bxc3 d5 25. Rxd5 (25. Nxd5 Qc6 $17) 25... Rxd5 26. Nxd5 Qc6 27.
Ne3 Qxc3+ $10 28. Nc2 e4 29. Qg5 Ba3+ 30. Kd1 Bc5 31. Qd2 Qxd2+ 32. Kxd2 Bxf2
33. Nb4 a5 34. Nd5 Bd4 35. g4 Kd7 36. Nc3 Ke6 37. Nxe4 Ke5 38. Kd3 Bb6 39. a4
f5 40. gxf5 Kxf5 41. Nd6+ Kg4 42. Kc4 Bg1 43. h3+ Kxh3 44. Kb5 Kg4 45. Kxa5 Bf2
46. Kb5 Be1 47. Ne4 Kf5 48. Nc5 Kf6 49. Nd3 Bd2 50. Nb4 Ke6 51. a5 Kd7 52. a6
Kc8 53. Nd5 Be1 54. a7 Kb7 55. a8=N Ba5 56. Kxa5 Kxa8 57. Kb6 1/2-1/2

[Event "Pamplona 9394 4th"]
[Site "Pamplona"]
[Date "1993.??.??"]
[Round "3"]
[White "Leko, Peter"]
[Black "Magem Badals, Jordi"]
[Result "0-1"]
[WhiteElo "2555"]
[BlackElo "2505"]
[Annotator "Ernst,T"]
[PlyCount "114"]
[EventDate "1993.12.??"]
[EventType "tourn"]
[EventRounds "9"]
[EventCountry "ESP"]
[EventCategory "10"]
[SourceTitle "CBM 039"]
[Source "ChessBase"]
[SourceDate "1994.04.01"]
[SourceVersion "1"]
[SourceVersionDate "1994.04.01"]
[SourceQuality "1"]

1. e4 c5 2. Nf3 Nc6 3. d4 cxd4 4. Nxd4 Nf6 5. Nc3 e5 6. Ndb5 d6 7. Bg5 a6 8.
Na3 b5 9. Bxf6 gxf6 10. Nd5 Bg7 11. Bd3 Ne7 12. Nxe7 Qxe7 13. c3 f5 14. Nc2 Qg5
15. O-O (15. Qe2 $5 {Velimirovic,D-Simic,R/Vrnjacka Banja/1991/} Qxg2 16. O-O-O
$13) 15... Bb7 16. f3 O-O (16... fxe4 17. fxe4 O-O 18. Rf5 Qe7 19. Ne3 Bc8 20.
Rf3 Be6 21. Bc2 Bh6 22. Nf5 $16 {Leko,P-Naumann,A/Bratislava WchJM-U14/1993/})
17. exf5 d5 18. a4 (18. Qc1 $5) 18... e4 19. Be2 Be5 $1 (19... Qxf5 20. fxe4
Qxe4 21. Bf3 $14) 20. Qe1 b4 $1 (20... Qxf5 21. f4 $14) 21. Nxb4 d4 22. cxd4
Bxd4+ 23. Kh1 Bxb2 24. Rb1 Be5 25. fxe4 Bxe4 26. Bf3 Qf4 $1 27. Qg3+ Qxg3 28.
hxg3 Bxb1 29. Bxa8 Rxa8 30. Rxb1 Rb8 $17 31. Re1 $1 Bxg3 32. Re3 (32. Nxa6 Rb6
$19) (32. Nc6 Rb6 33. Ne7+ Kf8 34. Nd5 Rh6+ $19) (32. Re4 Bd6 $17) 32... Bf4
33. Re4 Bd6 34. Nd3 Rb1+ 35. Re1 Rxe1+ 36. Nxe1 h5 $17 37. g3 (37. Kg1 Kg7 38.
Kf2 Kf6 $19) 37... Bxg3 38. Nd3 Kg7 (38... Bd6 39. Kg2 Kg7 40. Kf3 $17) 39. Nc5
h4 40. Ne4 (40. Nxa6 Bd6 $19) 40... Kh6 41. Kg2 Kh5 42. Kh3 Bc7 43. Nd2 Bf4 44.
Ne4 Bg3 $1 {Black has reached the same position as before, but with white to
move.} 45. f6 Be5 46. a5 Bg3 47. Nc5 Kg5 48. Ne4+ Kf5 49. Nc5 Kxf6 50. Nxa6 Bd6
51. Kxh4 Kf5 52. Kh3 Kf4 53. Kg2 Ke3 54. Kf1 Kf3 55. Ke1 Ke3 56. Kd1 Kd3 57.
Ke1 Kc4 0-1

[Event "Prague International"]
[Site "Prague"]
[Date "1976.09.08"]
[Round "12"]
[White "Prandstetter, Eduard"]
[Black "Espig, Thomas"]
[Result "0-1"]
[WhiteElo "2365"]
[BlackElo "2310"]
[Annotator "Espig,T"]
[PlyCount "74"]
[EventDate "1976.08.28"]
[EventType "tourn"]
[EventRounds "13"]
[EventCountry "CZE"]
[SourceTitle "EXT 2006"]
[Source "ChessBase"]
[SourceDate "2005.11.24"]
[SourceVersion "1"]
[SourceVersionDate "2005.11.24"]
[SourceQuality "1"]

{SCHACH 1/1977} 1. e4 c5 2. Nf3 Nc6 3. d4 cxd4 4. Nxd4 Nf6 5. Nc3 e5 6. Ndb5 d6
7. Bg5 a6 8. Na3 b5 9. Bxf6 ({Auf gleich} 9. Nd5 {kann} Qa5+ ({auch} 9... Be7 {
ist gut spielbar.}) 10. Bd2 Qd8 11. Bg5 Qa5+ {folgen.}) 9... gxf6 10. Nd5 f5
11. Bd3 Be6 12. Qh5 Bg7 13. O-O f4 14. c4 $5 ({Normal wird} 14. c3 {gespielt!})
14... O-O 15. cxb5 Nd4 16. Nc2 $1 Nxc2 17. Bxc2 axb5 18. Rfd1 Ra7 $1 19. h3 $2
({Besser ist} 19. Bb3) 19... Kh8 20. Qe2 Qg5 21. Kh1 Rg8 22. f3 Bf8 23. Bd3 Qh6
$1 24. Rf1 f6 25. Bxb5 Rag7 {Der schwarze Angriff nimmt erschreckende Formen
an.} 26. Rf2 Rg3 27. Bc4 $1 {Weiss verteidigt sich noch sehr geschickt.} R8g5
28. Rc1 Rh5 29. Rc2 Qg5 {Jetzt ist Weiss gegen den Einschlag auf h3 völlig
machtlos. Der Rest ist einfach.} 30. Qd1 Bxh3 31. gxh3 Rgxh3+ 32. Rh2 Qg3 33.
Qg1 Qxf3+ 34. Rcg2 Rxh2+ 35. Qxh2 Qd1+ 36. Rg1 Rxh2+ 37. Kxh2 Qc2+ 0-1

[Event "Dortmund SuperGM 24th"]
[Site "Dortmund"]
[Date "1996.07.05"]
[Round "1"]
[White "Anand, Viswanathan"]
[Black "Lobron, Eric"]
[Result "1-0"]
[WhiteElo "2735"]
[BlackElo "2585"]
[Annotator "Ftacnik,L"]
[PlyCount "71"]
[EventDate "1996.07.05"]
[EventType "tourn"]
[EventRounds "9"]
[EventCountry "GER"]
[EventCategory "18"]
[SourceTitle "CBM 054"]
[Source "ChessBase"]
[SourceDate "1996.10.01"]
[SourceVersion "1"]
[SourceVersionDate "1996.10.01"]
[SourceQuality "1"]

1. e4 {Dolmatov Horvath,T Anand} c5 2. Nc3 Nc6 3. Nge2 Nf6 4. d4 cxd4 5. Nxd4
e6 6. Ndb5 d6 7. Bf4 e5 8. Bg5 a6 9. Na3 b5 10. Bxf6 gxf6 11. Nd5 {The main
weak point in the Sveshnikov variation, but black has ways to play very
dynamically and prevent the static fight around weak squares.} Bg7 12. Bd3 Ne7
13. Nxe7 Qxe7 14. O-O f5 (14... O-O 15. c4 (15. Qh5 f5 16. exf5 e4 17. Rae1 d5
18. c3 Rd8 19. Bb1 Rd6 20. Nc2 Rh6 21. Qg4 Kh8 {1/2-1/2 Voekler,B-Geisler,F/BL
9495/1995/}) (15. Qf3 f5 (15... Qb7 16. c4 f5 17. exf5 Qxf3 18. gxf3 bxc4 19.
Be4 Rb8 20. Nxc4 d5 21. Bxd5 Bxf5 22. Rfe1 Kh8 23. Rad1 Rbd8 24. b3 Bh3 25. Kh1
Bf6 26. Rg1 {Timmerman,G-Lemmers,O/NLD-ch sf Enschede (03)/1993/1-0 (61)}) 16.
exf5 d5 17. Qxd5 Bb7 18. Qb3 e4 19. Rae1 Rfd8 20. Re3 Rd4 21. c4 Rdd8 22. Be2
Rd2 23. Nc2 Be5 24. cxb5 Qc5 25. Bc4 axb5 26. Bxf7+ Kh8 {0-1 Wood,D-Wells,P/
Ostend op (03)/1993/ (41)}) (15. c3 {Dolmatov} f5 16. exf5 $14) 15... b4 16.
Nc2 Rb8 17. Ne3 a5 18. Qh5 Kh8 19. Rae1 Qa7 20. Nd5 b3 21. a3 Qd4 22. Re3 Qxb2
23. Qh4 Qd2 24. Nxf6 h6 25. Nh5 Be6 26. Rg3 Rg8 {0-1 Olivier,P-Rouchouse,S/
FRA-chB Toulouse (01)/1995/ (32)}) 15. exf5 (15. Qh5 Rb8 16. c4 fxe4 17. Bxe4
Bb7 18. Bxb7 Rxb7 19. Rad1 O-O 20. Rd5 Rc8 21. Rfd1 bxc4 22. Rxd6 Rxb2 23. Qg4
f5 24. Qxf5 Rf8 25. Qh3 {Wang Pin-Amura,C/Subotica iztW/1991/0.5 (41)}) (15. f3
O-O 16. Kh1 d5 17. c3 Rd8 18. Qe2 dxe4 19. fxe4 f4 20. Nc2 Rd6 21. Rad1 Rh6 22.
Ne1 Bf6 {Enders,P-Kalinichev,S/Budapest FS05 GM/1995/1-0 (40)}) 15... Bb7 (
15... d5 $5 {Dolmatov} 16. c3 O-O 17. Nc2 e4 18. Be2 Qe5) 16. Re1 (16. Qg4 O-O
17. c3 Kh8 18. Rad1 e4 19. Rfe1 Rg8 20. Qh3 b4 21. cxb4 d5 22. f3 Bxb2 23. fxe4
Bxa3 24. e5 f6 25. exf6 Qxf6 26. Re6 {Velicka,P-Ikonnikov,V/Cheliabinsk/1990/
0-1 (36)}) 16... Qg5 (16... d5 $5 17. c3 O-O 18. Qh5 e4 19. Nc2 $16) (16... O-O
{Dolmatov} 17. Qg4 (17. c4 $5 e4) (17. Qh5 e4 18. Bxe4 $2 Bxe4 19. f6 Qxf6 20.
Rxe4 Qxb2)) 17. g3 (17. Be4 Bxe4 (17... d5 {Horvath,T} 18. Bxd5 Rd8 19. c4 $1
Qxf5 (19... bxc4 $4 20. Qa4+) 20. Qb3 $16) 18. Rxe4 Qxf5 19. Qd5 O-O 20. c4 Qe6
) 17... O-O (17... d5 $6 18. f4 {Anand} Qe7 19. fxe5 Bxe5 20. f6 $1 $18) 18. c4
Rae8 (18... bxc4 19. Nxc4 Rad8 20. Rc1 $16) (18... d5 $5 {Dolmatov} 19. cxd5
Bxd5 20. Nc2 Rad8 21. Qe2) (18... Rac8 $5 {Dolmatov} 19. cxb5 d5 20. bxa6 Ba8
$132) 19. Be4 $1 (19. cxb5 e4 $132 (19... e4 {Dolmatov} 20. bxa6 Ba8 $132))
19... Bxe4 20. Rxe4 Qxf5 21. Qd5 {Anand takes advantage of the d5 weakness
again, the main value of the square is the potential base for the knight
currently on a3.} b4 22. Nc2 a5 23. Rd1 (23. Ne3 Qe6 24. Qxa5 f5 25. Rh4 $16) (
23. Nd4 $5 {Anand} Qxe4 (23... Qg6 {Dolmatov} 24. Nb5 Re6 25. Rd1 $16 Rd8 26.
c5) 24. Qxe4 exd4 25. Qd5 $16) 23... Qg6 24. Ne3 (24. Re2 $16) 24... Kh8 (24...
a4 25. Rg4 Qe6 26. Qxd6 $16) 25. Rg4 Qh5 (25... Qe6 26. Qxe6 (26. Qxd6 $16)
26... Rxe6 27. Nf5 Rg6 28. Rxg6 hxg6 29. Nxd6 $16) 26. Rh4 Qg5 (26... Qe2 27.
Nf5 Re6 28. Nxd6 $16) 27. Qf3 (27. Qxa5 Ra8 (27... f5 28. Qxb4 f4 29. Nd5) 28.
Qxb4 Rxa2 29. b3 $16) 27... f5 28. Rxd6 (28. Rh5 $5 {Dolmatov} e4 29. Rxg5 exf3
30. b3 f4 31. gxf4 Bh6 $132) 28... e4 (28... f4 $2 29. Qe4 h6 30. Rg6 $18) 29.
Qd1 f4 (29... Bxb2 {Dolmatov} 30. Rh5 $16) 30. Rg4 {All white's pieces are
well prepared to deal with black's counterplay.} Qe5 (30... Qe7 31. gxf4 (31.
Rd7 fxe3 32. Rxe7 exf2+ 33. Kf1 Rxe7 $132) 31... Bxb2 32. Rd7 $16) 31. gxf4
Rxf4 (31... Qxb2 {Dolmatov} 32. Rd7 Rg8 33. Nf5 Bf6 34. Nh6 $18) 32. Rd2 Rxg4+
(32... Rg8 33. Rg3 $16) (32... Ref8 $5 {Dolmatov}) 33. Nxg4 Qg5 34. Kh1 h5 $2 (
34... Rg8 35. Rd5 Qh4 36. Qe2 $16) 35. Rd5 $1 Qh4 (35... Qxg4 36. Rxh5+ $18) (
35... Qg6 36. Ne3 Be5 37. Rxa5 $18) 36. Nf6 $1 (36. Nf6 $1 Qxf6 37. Qxh5+ $18)
1-0

[Event "Hastings 9394"]
[Site "Hastings"]
[Date "1993.??.??"]
[Round "3"]
[White "Arakhamia Grant, Ketevan"]
[Black "Gurevich, Ilya"]
[Result "1-0"]
[WhiteElo "2440"]
[BlackElo "2575"]
[Annotator "Ftacnik,L"]
[PlyCount "83"]
[EventDate "1993.12.??"]
[EventType "tourn"]
[EventRounds "9"]
[EventCountry "ENG"]
[EventCategory "12"]
[SourceTitle "CBM 039"]
[Source "ChessBase"]
[SourceDate "1994.04.01"]
[SourceVersion "1"]
[SourceVersionDate "1994.04.01"]
[SourceQuality "1"]

1. e4 c5 2. Nf3 e6 3. d4 cxd4 4. Nxd4 a6 5. Bd3 Qb6 $6 6. Nb3 Qc7 7. O-O Nf6 8.
f4 d6 9. Nc3 Nc6 10. Qf3 Be7 11. Be3 O-O 12. Rae1 Rb8 $6 13. Qg3 b5 14. e5 $1
dxe5 15. fxe5 Nh5 (15... Nxe5 16. Bf4 $18) 16. Qf3 g6 17. Bh6 Bb7 (17... Ng7
18. Ne4 Nxe5 19. Nf6+ Kh8 20. Qg3 Bd6 21. Qh3 {/\ 22.Bxg7 Kxg7 23.Qh7}) 18.
Bxf8 Nxe5 19. Qe3 Nxd3 20. Bxe7 Nxe1 21. Qc5 $1 Qxc5+ 22. Nxc5 b4 (22... Nxc2
23. Bd6 Rc8 24. Nxb7 $18) 23. N3a4 Nxg2 24. Bd6 Rc8 25. Nxb7 Ne3 (25... Rxc2
26. Rf2 Rxf2 27. Kxf2 Ngf4 28. Bxb4 $16) 26. Rc1 Rc4 27. b3 Rg4+ 28. Kf2 Nf5
29. Rd1 f6 30. c4 bxc3 31. Nxc3 e5 32. Nd5 Rh4 33. Kg1 Rg4+ 34. Kh1 Kg7 35. Bc5
Re4 36. Nc3 Rh4 37. Nd8 Nf4 38. Rd7+ Kh6 39. Ne4 g5 40. Nf7+ Kh5 (40... Kg6 41.
Nh8+ $1 Kh6 (41... Kh5 42. Nxf6+ Kh6 43. Bf8+ Ng7 44. Bxg7#) 42. Bf8+ Kh5 43.
Nxf6#) 41. Nxf6+ Kg6 42. Ne4 (42. Ne4 Ne6 43. Nxe5+ Kh6 44. Nf6 Nxc5 45. Rxh7#)
1-0

[Event "IND-ch"]
[Site "Mumbai"]
[Date "2003.01.18"]
[Round "2"]
[White "Ganguly, Surya Shekhar"]
[Black "Ramesh, Ramachandran B"]
[Result "1-0"]
[WhiteElo "2556"]
[BlackElo "2472"]
[Annotator "Ftacnik,L"]
[PlyCount "53"]
[EventDate "2003.01.18"]
[EventType "tourn"]
[EventRounds "21"]
[EventCountry "IND"]
[EventCategory "8"]
[SourceTitle "CBM 094"]
[Source "ChessBase"]
[SourceDate "2003.05.26"]
[SourceVersion "1"]
[SourceVersionDate "2003.05.26"]
[SourceQuality "1"]

1. e4 c5 2. Nf3 Nc6 3. d4 cxd4 4. Nxd4 Qb6 5. Nb3 Nf6 6. Nc3 e6 7. Bd3 Be7 8.
O-O O-O 9. Be3 Qc7 10. f4 d6 11. Qf3 a6 12. Rae1 b5 13. e5 $1 dxe5 14. fxe5 Nd7
15. Bf4 b4 16. Nd1 Bb7 17. Qg3 Rfd8 {[%mdl 4] This line will probably become a
dubious name for black, as white's attacking potential is enhanced by the
weakness of c4 and d6 squares.} (17... g6 18. Nf2 Qd8 19. Qh3 h5 20. Re3 Kg7
21. Be4 Rh8 22. Nd3 Qb6 23. Kh1 Nd8 24. Nd2 {1-0 Lutz,C-Smirin,I/Saint Vincent
2000/ (36)}) 18. Ne3 Nf8 (18... Nc5 19. Nc4 (19. Ng4 Nxd3 20. cxd3 Kh8 21. Rc1
Rac8 $11) 19... Rd5 (19... Nxb3 20. axb3 Bc5+ 21. Kh1 Nd4 22. Nd6 $16) 20. Nxc5
Bxc5+ 21. Kh1 Bd4 22. Nd6 Bxb2 23. Bc4 $14) (18... Ndxe5 19. Nc4 f6 20. Qh3 g6
21. Qxe6+ Kh8 22. Bxe5 fxe5 (22... Nxe5 23. Nxe5 fxe5 24. Rf7 $18) 23. Rf7 Rxd3
24. cxd3 $18) 19. Nc4 $1 (19. Ng4 Ng6 $13) 19... Ng6 (19... Nd4 20. Nd6 $1 Nxb3
21. Bh6 Ng6 22. Rxf7 Bxd6 23. Rxc7 Bxc7 24. Bxg6 $18) 20. Bxg6 hxg6 (20... fxg6
21. Nd6 Na5 22. Bg5 Bxg5 23. Qxg5 Bd5 24. Rf7 $16) 21. Nd6 Na5 (21... a5 22.
Nc5 Bc8 23. Nce4 $16) 22. Nxf7 $1 {The tactical blow in the proper moment,
black king now turns into a haunted animal.} Kxf7 (22... Rf8 23. Nxa5 Qxa5 24.
Nd6 $16) 23. Be3+ (23. Bg5+ Kg8 24. Bxe7 Qxe7 25. Nxa5 Qc5+ 26. Qf2 Qxa5 (26...
Qxf2+ 27. Rxf2 Rab8 28. Nc4 Bd5 29. Nd6 $18) 27. Qf7+ Kh7 28. Qxb7 $16) 23...
Ke8 (23... Kg8 24. Qxg6 Bd5 (24... Qxe5 25. Nxa5 (25. Qf7+ Kh7 26. Nxa5 Qxa5
27. Qxe7 Qd5 28. Rf3 Rd7 29. Qxb4 $18) 25... Qxa5 26. Qxe6+ Kh8 27. Qxe7 $18)
25. Rf7 Qxe5 26. Bd2 Qxb2 27. Rxe7 Nc6 28. Qf7+ Kh7 29. Re3 $18) 24. Qxg6+ (24.
Nc5 Qxc5 (24... Bxc5 25. Qxg6+ Kd7 26. Rf7+ Be7 27. Rxe7+ Kxe7 28. Qxg7+ Ke8
29. Qxc7 $18) 25. Qxg6+ Kd7 26. Bxc5 Bxc5+ 27. Kh1 Bd5 28. a3 bxa3 29. Rf7+ Kc6
30. b3 $18) 24... Kd7 25. Rf7 Re8 (25... Nc6 26. Bc5 Re8 27. Rd1+ Kc8 28. Qxe6+
Kb8 29. Bd6 $18) 26. Nc5+ {There is no peace for the troubled defender even on
the queenside...} Kc6 (26... Kc8 27. Qxe6+ Kb8 28. Nd7+ Kc8 29. Nf6+ $18) 27.
Qe4+ (27. Qe4+ Kb5 (27... Kb6 28. Qxb4+ Ka7 (28... Kc6 29. Qa4+ Kd5 30. Qe4#)
29. Nd7+) 28. a4+ bxa3 29. Qa4+ Kb6 30. Nd7#) 1-0